| 000 | 00335nam a2200133Ia 4500 | ||
|---|---|---|---|
| 005 | 20260328104325.0 | ||
| 008 | 260328s9999||||xx |||||||||||||| ||und|| | ||
| 100 | _aKoestler, Arthur | ||
| 245 | 0 |
_aEl Camino Hacia Marx (Autobiografía 2) / _cArthur Koestler |
|
| 260 | _bAlianza | ||
| 300 | _a210 p. | ||
| 650 | _aTEORÍA | ||
| 942 | _cBK | ||
| 999 |
_c11484 _d11484 |
||